000 00372nam a2200157Ia 4500
008 230917s9999||||xx |||||||||||||| ||und||
040 _e23921
_aMAIN
041 _aEnglish
082 _a330.1543 J644E
100 _aJohnston, J
245 0 _aEconometrics methods
250 _a3rd ed.
260 _aNew Delhi
_bMcGraw-Hill
_c1984
300 _aviii,568 p.
942 _cBK
999 _c67651
_d67651